000
00226nam a2200097Ia 4500
008
230915s9999 xx 000 0 und d
050
_a
HF5635.S87.C.2
100
_a
THOMAS P.EDMONDS
245
0
_a
SURVEY ACCOUNTING
942
_c
BK
999
_c
85695
_d
85695